Van Halen Albums - Statistics

General Stats
  • This quiz has been taken 86 times
    36 since last reset
  • The average score is 10 of 19
Answer Stats
Year Album % Correct
1978 Van Halen
100%
1984 1984
94%
1979 Van Halen II
94%
1986 5150
81%
1998 Van Halen III
81%
1982 Diver Down
78%
1980 Women And Children First
78%
1981 Fair Warning
72%
1988 OU812
72%
1991 For Unlawful Carnal Knowledge
69%
1995 Balance
59%
2012 A Different Kind Of Truth
44%
2004 Best Of Both Worlds
25%
1993 Live Right Here, Right Now
13%
1976 Zero
13%
1996 Best Of Volume 1
6%
2015 Tokyo Dome Live In Concert
6%
2025 Live In Dallas 1991
0%
2020 Van Halen Live 1977
0%
No matching quizzes found
Score Distribution
Percent of People with Each Score
Percentile by Number Answered
Your Score History
You have not taken this quiz since the last reset